000 00465nam a2200181Ia 4500
008 090123s9999 xx 000 0 und d
082 _b148
100 _aभावे पु. भा.
245 _aध्यास
250 _a1
260 _bपाटणकर ग.रा.
300 _a169
600 _aभावे पु. भा.
630 _aध्यास
700 _aभावे पु. भा.
730 _aध्यास
942 _cBOOK
999 _c38236
_d38236